000
00342nam a22001217a 4500
040
_c
SY
082
_a
630
100
_a
ង៉ូ ឈន់
245
_a
ការធ្វើជីដោយគ្រឿងយន្តសំរាប់ដំណាំថ្នាំជក់
260
_a
RUA
_b
ង៉ូ
_c
1994
300
_a
74p.
942
_c
KB
999
_c
9617
_d
9617